书目信息 |
| 题名: |
计量经济学简明教程
|
|
| 作者: | 廖明球 , 李雪 编著 | |
| 分册: | ||
| 出版信息: | 北京 首都经济贸易大学出版社 2007.08 |
|
| 页数: | 310页 | |
| 开本: | 24cm | |
| 丛书名: | 高等院校经济与管理核心课程经典系列教材 | |
| 单 册: | ||
| 中图分类: | F224.0 | |
| 科图分类: | ||
| 主题词: | 计量经济学--ji liang jing ji xue--高等学校--教材 | |
| 电子资源: | ||
| ISBN: | 978-7-5638-1287-5 | |
| 000 | 01323nam 2200277 450 | |
| 001 | 012008735929 | |
| 005 | 20080901154647.67 | |
| 010 | @a978-7-5638-1287-5@dCNY26.00 | |
| 100 | @a20080901d2007 em y0chiy0120 ea | |
| 101 | 0 | @achi |
| 102 | @aCN@b110000 | |
| 105 | @ak a 000yy | |
| 106 | @ar | |
| 200 | 1 | @a计量经济学简明教程@Aji liang jing ji xue jian ming jiao cheng@f廖明球, 李雪等编著@Fliao ming qiu,li xue deng bian zhu |
| 210 | @a北京@c首都经济贸易大学出版社@d2007.08 | |
| 215 | @a310页@d24cm | |
| 225 | 2 | @a高等院校经济与管理核心课程经典系列教材@Agao deng yuan xiao jing ji yu guan li he xin ke cheng jing dian xi lie jiao cai |
| 320 | @a有书目 (第310页) | |
| 330 | @a本教材是为经济和管理类专业大学生编写的计量经济学入门教材,目标是通过对计量经济分析基本思想、概念和模型的介绍,让学生掌握计量经济分析的基本原理和一定的应用能力。根据本教材的定位目标,作者从实际案例引出具体理论,努力避免使用过多数学语言和推导,在计量经济建模、参数估计和预测分析等方面加强计量软件的应用,淡化了对计算方法、技巧的介绍和要求。 | |
| 410 | 0 | @12001 @a高等院校经济与管理核心课程经典系列教材 |
| 606 | 0 | @a计量经济学@Aji liang jing ji xue@x高等学校@j教材 |
| 690 | @aF224.0@v4 | |
| 701 | 0 | @a廖明球@Aliao ming qiu@4编著 |
| 701 | 0 | @a李雪@Ali xue@4编著 |
| 801 | 0 | @aCN@bQSSK@c20080901 |
| 905 | @b733915-17@dF224.0@eL470@f3 | |
| 计量经济学简明教程/廖明球, 李雪等编著.-北京:首都经济贸易大学出版社,2007.08 |
| 310页;24cm.-(高等院校经济与管理核心课程经典系列教材) |
| ISBN 978-7-5638-1287-5:CNY26.00 |
| 本教材是为经济和管理类专业大学生编写的计量经济学入门教材,目标是通过对计量经济分析基本思想、概念和模型的介绍,让学生掌握计量经济分析的基本原理和一定的应用能力。根据本教材的定位目标,作者从实际案例引出具体理论,努力避免使用过多数学语言和推导,在计量经济建模、参数估计和预测分析等方面加强计量软件的应用,淡化了对计算方法、技巧的介绍和要求。 |
| ● |
| 相关链接 |
|
|
|
正题名:计量经济学简明教程
索取号:F224.0/L470
 
预约/预借
| 序号 | 登录号 | 条形码 | 馆藏地/架位号 | 状态 | 备注 |
| 1 | 733915 | 207339156 | 社科库409/409社科库 72排4列5层/ [索取号:F224.0/L470] | 在馆 | |
| 2 | 733916 | 207339165 | 社科库409/409社科库 72排4列5层/ [索取号:F224.0/L470] | 在馆 | |
| 3 | 733917 | 207339174 | 社科库409/409社科库 72排4列3层/ [索取号:F224.0/L470] | 在馆 |